000 00242 a2200097 4500
001 52605
100 _aTowers T D
245 _aTowers International Transistor Selector
260 _aNew York
_bFoulsham & Co. Ltd.
_c
090 _c33092
_d33092
942 _aNUST-CAE
_cM
_c25661
999 _c287678
_d287678